header

Cell-based biosensors (Record no. 104619)

MARC details
000 -LEADER
fixed length control field 01372nam a2200349Ia 4500
245 00 - TITLE STATEMENT
Title Cell-based biosensors
260 ## - PUBLICATION, DISTRIBUTION, ETC. (IMPRINT)
Place of publication Norwood, MA :
Name of publisher Artech House,
Year of publication c2010.
300 ## - PHYSICAL DESCRIPTION
Number of Pages xvii, 271 p. :
Other physical details ill.
490 1# - SERIES STATEMENT
Series statement Artech House series engineering in medicine & biology
650 #0 - SUBJECT ADDED ENTRY--TOPICAL TERM
Topical Term Biosensors.
Topical Term Cellular signal transduction.
Topical Term Transducers.
700 1# - ADDED ENTRY--PERSONAL NAME
Personal name Liu, Qingjun.
Personal name Wang, Ping,
856 40 - ELECTRONIC LOCATION AND ACCESS
Uniform Resource Identifier http://site.ebrary.com/lib/rucke/Doc?id=10359026

No items available.

© 2026 Rongo University
Contact us: librarian | system librarian | Rongo university